000 005020000a22001810004500
003 MACL
005 20160225170158.0
008 160225b xxu||||| |||| 00| 0 eng d
040 _aMACL
_cMACL
041 _aHindi
082 _a800
100 _aडॉ सत्‍यप्रकाश संगर
_940528
245 _aआकलन
260 _bराजकमल प्रकाशन
_c1959
_aदिल्‍ली
350 _a2
650 _aLiteracture
_939932
942 _cHIN
_k800
_2ddc
999 _c25237
_d25237